منٹو نما (Record no. 550310)

000 -LEADER
fixed length control field 00290nam a22001217a 4500
082 ## - DEWEY DECIMAL CLASSIFICATION NUMBER
Classification number 891.4398
Author Mark MAN
-- D
245 ## - TITLE STATEMENT
Title منٹو نما
260 ## - PUBLICATION, DISTRIBUTION, ETC.
Place of publication, distribution, etc. Lahore
Name of publisher, distributor, etc. sangemeel
Date of publication, distribution, etc. 1999
300 ## - PHYSICAL DESCRIPTION
Extent 500p.:
Dimensions 30cm.
526 ## - STUDY PROGRAM INFORMATION NOTE
Program name 0
Interest level 0
Reading level 0
Title point value 891_439800000000000_MAN
650 ## - SUBJECT ADDED ENTRY--TOPICAL TERM
Topical term or geographic name entry element MCE
9 (RLIN) 379
942 ## - ADDED ENTRY ELEMENTS (KOHA)
Source of classification or shelving scheme
Koha item type Book
Holdings
Withdrawn status Lost status Source of classification or shelving scheme Damaged status Not for loan Permanent Location Current Location Date acquired Total Checkouts Total Renewals Full call number Barcode Date last seen Date last checked out Price effective from Koha item type
          Military College of Engineering (MCE) Military College of Engineering (MCE) 10/30/2014 2 1 891.4398 MAN MCE-44540 04/03/2019 02/26/2019 03/14/2021 Book
© 2023 Central Library, National University of Sciences and Technology. All Rights Reserved.